[Event "Flint (Class A/2)"]
[Site "?"]
[Date "1992.??.??"]
[Round "?"]
[White "Spooner, Frank"]
[Black "Decker, Dale"]
[Result "1-0"]
[WhiteElo "1875"]
[BlackElo "1825"]
[PlyCount "63"]
[EventDate "1992.??.??"]

1. Nf3 Nf6 2. e3 g6 3. b3 Bg7 4. Bb2 O-O 5. c4 c6 6. d4 d5 7. Bd3 a6 8. Nbd2
Bg4 9. Qc2 Nbd7 10. O-O b5 11. c5 Re8 12. b4 h6 13. Rfe1 Bxf3 14. Nxf3 e5 15.
Nxe5 Nxe5 16. dxe5 Ng4 17. f4 Qh4 18. h3 Nxe3 19. Rxe3 Qxf4 20. Rae1 Qxb4 21.
a3 Qh4 22. e6 fxe6 23. Bxg6 Bxb2 24. Bxe8 Bd4 25. Qg6+ Kh8 26. Kf1 Bxc5 27. g4
Bxe3 28. Rxe3 Qg5 29. Qxe6 c5 30. Rf3 Qc1+ 31. Kg2 Qc2+ 32. Kg3 1-0

[Event "East Lansing (MI Am/5)"]
[Site "?"]
[Date "1992.??.??"]
[Round "?"]
[White "Spooner, Frank"]
[Black "DeVries, D."]
[Result "1-0"]
[WhiteElo "1880"]
[BlackElo "1605"]
[PlyCount "43"]
[EventDate "1992.??.??"]

1. Nf3 Nf6 2. e3 d5 3. b3 e6 4. Bb2 b6 5. Be2 Bb7 6. O-O Bd6 7. Ne5 O-O 8. f4
c5 9. d3 Nbd7 10. Nd2 Qc7 11. Ndf3 Rac8 12. Qe1 Nb8 13. Qg3 Qe7 14. Rac1 Nc6
15. Nxc6 Bxc6 16. Qg5 h6 17. Qh4 Rfe8 18. g4 d4 19. g5 Bxf3 20. gxf6 Qxf6 21.
Qxf6 gxf6 22. Rxf3 1-0

[Event "East Lansing (MI Am/3)"]
[Site "?"]
[Date "1992.??.??"]
[Round "?"]
[White "Spooner, Frank"]
[Black "Brauker, J."]
[Result "1-0"]
[WhiteElo "1880"]
[BlackElo "1605"]
[PlyCount "37"]
[EventDate "1992.??.??"]

1. Nf3 Nf6 2. b3 g6 3. Bb2 Bg7 4. g3 d6 5. Bg2 Nc6 6. O-O Bf5 7. d3 Qd7 8. e4
Bh3 9. Nbd2 Bxg2 10. Kxg2 O-O-O 11. a3 e6 12. Qe2 d5 13. e5 Ne8 14. d4 f6 15.
Rae1 f5 16. b4 Bh6 17. Nb3 Ng7 18. Nc5 Qf7 19. Qb5 1-0

[Event "Detroit (MOR/4/108)"]
[Site "?"]
[Date "1992.??.??"]
[Round "?"]
[White "Spencer, Gordon"]
[Black "Zuniga, Jesus"]
[Result "1-0"]
[WhiteElo "1605"]
[BlackElo "1605"]
[PlyCount "59"]
[EventDate "1992.??.??"]

{4/(108)} 1. Nf3 e6 2. d3 d5 3. e3 c5 4. Be2 d4 5. e4 Nc6 6. O-O Bd6 7. c3 e5
8. cxd4 cxd4 9. Bg5 Nf6 10. Nbd2 Be6 11. b3 Be7 12. Ne1 Ng4 13. Bxe7 Nxf2 14.
Rxf2 Qxe7 15. Bg4 O-O 16. Bxe6 fxe6 17. Rxf8+ Rxf8 18. Nef3 Qf7 19. Qe2 Nb4 20.
Nc4 Qc7 21. a3 b5 22. axb4 bxc4 23. bxc4 Qb6 24. b5 Ra8 25. Ra6 Qc5 26. Rxe6
Kf7 27. Rxe5 Qb4 28. Rf5+ Kg6 29. Nh4+ Kh6 30. Qh5# 1-0

[Event "Flint (Beg/3)"]
[Site "?"]
[Date "1992.??.??"]
[Round "?"]
[White "Spencer, Gordon"]
[Black "Worthey Jr., R."]
[Result "1-0"]
[WhiteElo "1605"]
[BlackElo "1605"]
[PlyCount "65"]
[EventDate "1992.??.??"]

1. d4 b5 2. Nf3 Bb7 3. e4 Bxe4 4. g3 Bxf3 5. Qxf3 Nc6 6. Be3 e5 7. Qd1 Nf6 8.
Bg2 Bb4+ 9. c3 Be7 10. O-O O-O 11. dxe5 Nxe5 12. Bxa8 Qxa8 13. f4 Nc4 14. Qe2
Nxe3 15. Qxe3 Ng4 16. Qxe7 Re8 17. Qxd7 Re3 18. Qxg4 Qe4 19. Qc8+ Qe8 20. Qxe8+
Rxe8 21. Nd2 c5 22. Rae1 Kf8 23. c4 b4 24. Ne4 g6 25. Nxc5 h5 26. Nd7+ Kg7 27.
Rxe8 Kh6 28. h4 a5 29. Rfe1 a4 30. R1e7 b3 31. a3 Kg7 32. Rf8 Kh6 33. Rfxf7 1-0

[Event "Detroit (MOR/1a/47)"]
[Site "?"]
[Date "1992.??.??"]
[Round "?"]
[White "Spencer, Gordon"]
[Black "Williams, Duane"]
[Result "0-1"]
[WhiteElo "1605"]
[BlackElo "1635"]
[PlyCount "66"]
[EventDate "1992.??.??"]

1. Nf3 Nf6 2. d3 d5 3. e3 c5 4. Be2 Nc6 5. O-O e5 6. b3 Qc7 7. Nbd2 Bd6 8. e4
Be6 9. Bb2 d4 10. c3 h6 11. Rc1 g5 12. g3 Qe7 13. b4 cxb4 14. cxb4 a6 15. Nb3
g4 16. Nfd2 h5 17. Nc5 Bxc5 18. Rxc5 h4 19. f4 gxf3 20. Bxf3 Rg8 21. Rf2 Ng4
22. Bxg4 Rxg4 23. Nf3 f6 24. Qf1 a5 25. b5 Qxc5 26. bxc6 bxc6 27. Bc1 Rb8 28.
Nd2 f5 29. exf5 Bd5 30. Ne4 Bxe4 31. dxe4 Rb1 32. Qa6 Rxc1+ 33. Rf1 d3+ 0-1

[Event "East Lansing (MI Am/5)"]
[Site "?"]
[Date "1992.??.??"]
[Round "?"]
[White "Spencer, Gordon"]
[Black "Vorhauer, Sam"]
[Result "0-1"]
[WhiteElo "1605"]
[BlackElo "1605"]
[PlyCount "138"]
[EventDate "1992.??.??"]

1. g3 d5 2. Nf3 Nf6 3. d3 e6 4. Bg2 Bd6 5. O-O c6 6. b3 Nbd7 7. Bb2 e5 8. Nbd2
O-O 9. c4 d4 10. Ng5 h6 11. Nge4 Nxe4 12. Nxe4 Nf6 13. c5 Nxe4 14. cxd6 Nxd6
15. Ba3 Re8 16. Qc2 Nb5 17. Bb2 Be6 18. a4 Nc7 19. Rad1 Qd7 20. Rfe1 Nd5 21.
Qd2 Bg4 22. Rc1 Rac8 23. e4 Nf6 24. f4 Bh3 25. f5 Bxg2 26. Qxg2 Ng4 27. Qf3 Ne3
28. Re2 f6 29. g4 g5 30. Rb1 a5 31. Bc1 b5 32. Bxe3 dxe3 33. Qxe3 Red8 34. Rd2
Qd4 35. Qxd4 Rxd4 36. Rc1 bxa4 37. Rc5 axb3 38. Rxa5 Rb8 39. Ra1 b2 40. Rb1 Rb3
41. Rdxb2 Rbxd3 42. Rb8+ Rd8 43. Rxd8+ Rxd8 44. Rb6 Rc8 45. Kf1 Kf8 46. Ke2 Ke7
47. Rb7+ Kd6 48. Rh7 Kc5 49. Rxh6 Rf8 50. h4 Kd4 51. hxg5 fxg5 52. Kf3 c5 53.
Rd6+ Kc3 54. Rd5 c4 55. Rxe5 Kc2 56. Rc5 c3 57. Ke3 Rd8 58. e5 Rd3+ 59. Ke4 Kd2
60. e6 c2 61. Ke5 Rc3 62. Rd5+ Ke2 63. Kf6 c1=Q 64. Re5+ Re3 65. Rxe3+ Qxe3 66.
e7 Qd4+ 67. Kxg5 Qg7+ 68. Kf4 Qxe7 69. Kg3 Qg5 0-1

[Event "Flint (Beg/4)"]
[Site "?"]
[Date "1992.??.??"]
[Round "?"]
[White "Spencer, Gordon"]
[Black "Schultz, D."]
[Result "0-1"]
[WhiteElo "1605"]
[BlackElo "1605"]
[PlyCount "88"]
[EventDate "1992.??.??"]

1. d4 d5 2. c4 c6 3. Nf3 Bf5 4. Nc3 Nf6 5. g3 e6 6. a3 c5 7. Bg2 Nc6 8. O-O
cxd4 9. Nxd4 Nxd4 10. Qxd4 Be4 11. f3 b6 12. b4 Bg6 13. e4 dxe4 14. Qxd8+ Rxd8
15. Nxe4 Nxe4 16. fxe4 Be7 17. Be3 O-O 18. Rad1 Bh5 19. Rxd8 Rxd8 20. Bf3 Bxf3
21. Rxf3 Rd3 22. Kg2 Rxa3 23. c5 bxc5 24. Bxc5 Rxf3 25. Kxf3 Bxc5 26. bxc5 Kf8
27. Ke3 a5 28. Kd3 Ke7 29. Kc3 Kd7 30. Kb3 Kc6 31. Ka4 Kxc5 32. Kxa5 Kd4 33.
Kb5 Kxe4 34. Kc5 g5 35. h4 gxh4 36. gxh4 h5 37. Kd6 e5 38. Ke7 f5 39. Kf6 f4
40. Kg5 f3 41. Kxh5 f2 42. Kh6 f1=Q 43. h5 Qg1 44. Kh7 Kf5 0-1

[Event "Lansing (Aug)"]
[Site "?"]
[Date "1992.??.??"]
[Round "?"]
[White "Spencer, Gordon"]
[Black "Mitchell, Dave"]
[Result "1-0"]
[WhiteElo "1605"]
[BlackElo "1605"]
[PlyCount "69"]
[EventDate "1992.??.??"]

1. Nf3 Nf6 2. c4 e6 3. d3 Be7 4. Nc3 d5 5. cxd5 exd5 6. e3 O-O 7. Be2 Re8 8.
O-O c6 9. d4 Nbd7 10. Bd2 Nf8 11. Qc2 Bg4 12. Rfe1 Qc7 13. Rac1 a6 14. Na4 Ne4
15. Nc5 Bxf3 16. Bxf3 Bxc5 17. dxc5 Nxd2 18. Qxd2 Re6 19. e4 dxe4 20. Rxe4 Rd8
21. Qe3 Qe7 22. h3 Qf6 23. Rxe6 Nxe6 24. b4 h6 25. Re1 Nd4 26. Be4 Re8 27. Kf1
Nc2 28. Bh7+ Kxh7 29. Qd3+ g6 30. Rxe8 Nxb4 31. Qb1 Qc3 32. Qb3 Qc1+ 33. Re1
Qd2 34. Qxf7+ Kh8 35. Re8# 1-0

[Event "Lansing (Apr)"]
[Site "?"]
[Date "1992.??.??"]
[Round "?"]
[White "Spencer, Gordon"]
[Black "Krzyston, Joe"]
[Result "1-0"]
[WhiteElo "1605"]
[BlackElo "1605"]
[PlyCount "95"]
[EventDate "1992.??.??"]

1. g3 c6 2. Bg2 Nf6 3. c4 e6 4. Nf3 Qb6 5. d3 d5 6. Nbd2 Bc5 7. O-O Ng4 8. d4
Bb4 9. c5 Qb5 10. a3 Bxd2 11. Qxd2 b6 12. b4 O-O 13. Ra2 Nd7 14. Qg5 Ngf6 15.
Ne5 Nxe5 16. Qxe5 Qc4 17. Rd2 bxc5 18. dxc5 Ba6 19. Rfd1 Ng4 20. Qd4 Nf6 21.
Qxc4 Bxc4 22. Bb2 Nd7 23. e4 a5 24. exd5 exd5 25. Bc3 axb4 26. axb4 Rfe8 27.
Rd4 f6 28. Rf4 Ra3 29. Bd2 Re4 30. Bxe4 dxe4 31. Rxe4 Ne5 32. Re3 Ra8 33. Bc3
Ng4 34. Re4 Bb3 35. Rde1 Nh6 36. Re8+ Rxe8 37. Rxe8+ Kf7 38. Rc8 Ba4 39. h3 Nf5
40. g4 Nh4 41. Rc7+ Kg6 42. Kh2 Nf3+ 43. Kg2 Ng5 44. h4 Ne6 45. h5+ Kg5 46. Re7
Bb3 47. Kg3 h6 48. Bd2+ 1-0

[Event "Detroit (MOR/3/98)"]
[Site "?"]
[Date "1992.??.??"]
[Round "?"]
[White "Spencer, Gordon"]
[Black "Koernke, R."]
[Result "0-1"]
[WhiteElo "1605"]
[BlackElo "1605"]
[PlyCount "106"]
[EventDate "1992.??.??"]

{3/(98)} 1. Nf3 d5 2. d3 c5 3. e3 Nf6 4. Be2 Nc6 5. O-O e6 6. Nbd2 Bd6 7. e4
O-O 8. b3 Be5 9. Nxe5 Nxe5 10. Bb2 Nc6 11. exd5 Nxd5 12. Ne4 b6 13. Bf3 Bb7 14.
Qd2 Nd4 15. Bxd4 cxd4 16. Ng3 Qd7 17. Ne2 e5 18. Rae1 Rfe8 19. g3 Rac8 20. Bg2
Nf6 21. Bxb7 Qxb7 22. c3 dxc3 23. Nxc3 Rcd8 24. f3 b5 25. Rd1 b4 26. Ne4 Nd5
27. Rfe1 f5 28. Nf2 Nc3 29. Rc1 Qxf3 30. Re3 Qb7 31. a4 e4 32. Rce1 Nd5 33.
dxe4 Nxe3 34. Qxe3 fxe4 35. Qf4 Rf8 36. Qxe4 Qb6 37. Qe6+ Qxe6 38. Rxe6 Rd2 39.
Ne4 Rb2 40. Nd6 Rxb3 41. Re7 Rd8 42. Re8+ Rxe8 43. Nxe8 Ra3 44. Nd6 b3 45. Nc4
Ra2 46. a5 b2 47. Nxb2 Rxb2 48. Kf1 Ra2 49. Ke1 Rxa5 50. h4 Ra2 51. Kd1 Rb2 52.
Kc1 Rb8 53. g4 a5 0-1

[Event "Detroit (MOR/6/92)"]
[Site "?"]
[Date "1992.??.??"]
[Round "?"]
[White "Spencer, Gordon"]
[Black "Kishek, R."]
[Result "0-1"]
[WhiteElo "1605"]
[BlackElo "1605"]
[PlyCount "94"]
[EventDate "1992.??.??"]

{6/(92)} 1. Nf3 d5 2. d3 c5 3. e3 Nc6 4. Be2 Nf6 5. O-O g6 6. b3 Bg7 7. Bb2 O-O
8. Nbd2 Qc7 9. c4 Rd8 10. cxd5 Nxd5 11. d4 cxd4 12. Nxd4 Nxd4 13. exd4 Bf5 14.
Nf3 Nf6 15. Rc1 Qd6 16. h3 Rac8 17. Bc4 a6 18. a4 Nd5 19. Re1 Nb6 20. Nh4 e6
21. g4 Bxd4 22. Bxd4 Qxd4 23. Qxd4 Rxd4 24. Nxf5 gxf5 25. gxf5 Nxc4 26. fxe6
Nd6 27. e7 Rxc1 28. Rxc1 Re4 29. Rc7 Kg7 30. Rd7 Kf6 31. Rxd6+ Kxe7 32. Rh6 Rb4
33. Rxh7 Rxb3 34. Rh5 b5 35. axb5 Rxb5 36. Rxb5 axb5 37. Kf1 Kf6 38. Ke2 Kg5
39. Kd3 Kh4 40. Kc3 Kxh3 41. Kb4 Kg2 42. f4 f5 43. Kxb5 Kf3 44. Kc4 Kxf4 45.
Kd4 Kg3 46. Ke3 f4+ 47. Ke2 Kg2 0-1

[Event "East Lansing (MI Am/2)"]
[Site "?"]
[Date "1992.??.??"]
[Round "?"]
[White "Spencer, Gordon"]
[Black "Borhani-Azar, C."]
[Result "0-1"]
[WhiteElo "1605"]
[BlackElo "1605"]
[PlyCount "72"]
[EventDate "1992.??.??"]

1. g3 e5 2. c4 Nc6 3. Nc3 Nf6 4. d3 h6 5. Bg2 Bb4 6. Bd2 O-O 7. a3 Bxc3 8. Bxc3
d5 9. cxd5 Nxd5 10. Rc1 Re8 11. Bd2 Qd6 12. e3 Kh8 13. Ne2 f5 14. O-O Bd7 15.
b4 Rac8 16. Nc3 Nde7 17. Qe2 Ng6 18. Nd5 f4 19. Rc2 Nb8 20. e4 Bb5 21. gxf4
exf4 22. Bh3 Nd7 23. Rfc1 Qxd5 24. Rxc7 Rxc7 25. Rxc7 Ngf8 26. Qg4 Qxd3 27.
Bxf4 Rxe4 28. Kg2 Qf1+ 29. Kg3 Qd3+ 30. f3 g5 31. Qh5 gxf4+ 32. Kh4 Re5 33.
Qxh6+ Qh7 34. Qxh7+ Kxh7 35. Rxb7 Ng6+ 36. Kg4 Kh6 0-1

[Event "Detroit (Pan Am/3)"]
[Site "?"]
[Date "1992.??.??"]
[Round "?"]
[White "Spangler, Richard"]
[Black "Ryan, Bob"]
[Result "0-1"]
[WhiteElo "1605"]
[BlackElo "1605"]
[PlyCount "102"]
[EventDate "1992.??.??"]

1. d4 Nf6 2. Nf3 g6 3. Bf4 Bg7 4. e3 Nh5 5. Bg5 h6 6. Bh4 Nc6 7. c3 b6 8. Bd3
Bb7 9. Qc2 f5 10. e4 Nf4 11. exf5 Nxd3+ 12. Qxd3 g5 13. Bg3 Bf6 14. Nbd2 d5 15.
Qb5 a6 16. Qd3 Qc8 17. O-O a5 18. Rfe1 Ba6 19. Qc2 Nd8 20. Be5 O-O 21. Re3 Nf7
22. Bxf6 exf6 23. Rae1 Bb5 24. g4 a4 25. a3 Nd6 26. Qb1 Be8 27. Qa2 Bf7 28. h4
c5 29. dxc5 d4 30. Re6 bxc5 31. cxd4 Kg7 32. Re7 Ra7 33. Rxa7 cxd4 34. Nxd4 Kg8
35. Qb1 Qc5 36. Rxa4 gxh4 37. Qc1 Qd5 38. N2f3 Kh7 39. Qd2 Ne4 40. Qa5 Nc5 41.
Re7 h3 42. Kh2 Qd6+ 43. Kxh3 Qxe7 44. Ne6 Bxe6 45. fxe6 Nxa4 46. Qxa4 Qxe6 47.
Qc2+ f5 48. b4 Kg8 49. Nd4 fxg4+ 50. Kh4 Qf6+ 51. Kh5 Qg5# 0-1

[Event "Detroit (Pan Am/1)"]
[Site "?"]
[Date "1992.??.??"]
[Round "?"]
[White "Spangler, Richard"]
[Black "McCarter, Robert"]
[Result "0-1"]
[WhiteElo "1605"]
[BlackElo "1700"]
[PlyCount "104"]
[EventDate "1992.??.??"]

1. e4 c5 2. Nc3 Nc6 3. Nf3 e6 4. Bb5 Nge7 5. d3 a6 6. Bxc6 Nxc6 7. Bf4 Be7 8.
Qd2 O-O 9. O-O-O b5 10. Ne2 d6 11. e5 dxe5 12. Nxe5 Nxe5 13. Bxe5 Qd5 14. Qe3
f6 15. Nc3 Qxe5 16. Qxe5 fxe5 17. f3 Bb7 18. Rhe1 Bf6 19. Ne4 Bxe4 20. dxe4
Rad8 21. Kb1 Rd4 22. c3 Rxd1+ 23. Rxd1 Rd8 24. Rxd8+ Bxd8 25. Kc2 Bg5 26. b3 h5
27. a3 Kf7 28. Kd3 Ke7 29. c4 Kd7 30. Kc3 Kc6 31. a4 bxa4 32. bxa4 Kb6 33. Kb3
Ka5 34. h3 h4 35. Ka3 Bc1+ 36. Kb3 g5 37. Kc2 Ba3 38. Kb3 Bb4 39. Ka2 Kxa4 40.
Kb2 Be1 41. Kc2 Kb4 42. Kd3 Kb3 43. Ke2 Bg3 44. Kd3 a5 45. Kd2 Kb2 46. Kd3 a4
47. Kd2 a3 48. Ke2 a2 49. Ke3 a1=Q 50. f4 Bxf4+ 51. Kf3 Qf1+ 52. Kg4 Qe2# 0-1

[Event "Detroit (Pan Am/4)"]
[Site "?"]
[Date "1992.??.??"]
[Round "?"]
[White "Spangler, Richard"]
[Black "Golingai, P."]
[Result "0-1"]
[WhiteElo "1605"]
[BlackElo "1605"]
[PlyCount "76"]
[EventDate "1992.??.??"]

1. d4 Nf6 2. Nf3 g6 3. Nbd2 Bg7 4. e4 d6 5. c4 O-O 6. Bd3 e5 7. d5 Nbd7 8. O-O
Ne8 9. Nb1 f5 10. Nc3 Ndf6 11. Bd2 f4 12. Ng5 Nxd5 13. cxd5 Qxg5 14. h3 Bxh3
15. Qf3 Bg4 16. Qg3 fxg3 17. Bxg5 gxf2+ 18. Rxf2 Rxf2 19. Kxf2 a6 20. Rc1 Bf6
21. Bxf6 Nxf6 22. Nb1 Rc8 23. Kg3 Bd7 24. Nd2 Kg7 25. Kh4 h6 26. Be2 g5+ 27.
Kg3 Be8 28. Nc4 Bd7 29. Nxd6 cxd6 30. Rxc8 Bxc8 31. a3 Nxe4+ 32. Kh2 b5 33. Bd3
Nf6 34. b4 Nxd5 35. Be4 Nb6 36. Kg3 Nc4 37. a4 bxa4 38. Bd3 Nb6 0-1

[Event "Detroit (MI Op/6/36)"]
[Site "?"]
[Date "1992.??.??"]
[Round "?"]
[White "Sorensen, D."]
[Black "Roberts, Kenneth"]
[Result "1-0"]
[WhiteElo "1675"]
[BlackElo "1855"]
[PlyCount "85"]
[EventDate "1992.??.??"]

{6/(36)} 1. d4 Nf6 2. Nf3 g6 3. g3 Bg7 4. Bg2 d5 5. c4 O-O 6. cxd5 Nxd5 7. O-O
Nc6 8. Nc3 Nb6 9. Be3 Nc4 10. Rc1 Nxe3 11. fxe3 Bh6 12. Qd2 Bf5 13. d5 e6 14.
dxc6 Qxd2 15. Nxd2 Bxe3+ 16. Kh1 bxc6 17. Nb3 Bxc1 18. Rxc1 e5 19. Bxc6 Rab8
20. Nd5 Be6 21. Nf6+ Kg7 22. Nd7 Bxd7 23. Bxd7 Rfd8 24. Rxc7 Kf6 25. Rxa7 Ra8
26. Rxa8 Rxa8 27. a4 Rb8 28. Bb5 Ke7 29. Na5 Kd6 30. Kg2 f5 31. Kf3 h6 32. Ke3
g5 33. Nc6 Rb6 34. Kd3 h5 35. Kc4 f4 36. a5 Rxc6+ 37. Bxc6 Kxc6 38. gxf4 exf4
39. Kd4 g4 40. Ke4 g3 41. hxg3 fxg3 42. Kf3 h4 43. b4 1-0

[Event "Detroit (MI Op/3/39)"]
[Site "?"]
[Date "1992.??.??"]
[Round "?"]
[White "Sorensen, D."]
[Black "McIntosh, S."]
[Result "1-0"]
[WhiteElo "1675"]
[BlackElo "1870"]
[PlyCount "49"]
[EventDate "1992.??.??"]

{3/(39)} 1. d4 Nf6 2. Nf3 d5 3. Bg5 e6 4. e3 Be7 5. c4 O-O 6. Nc3 Nbd7 7. Rc1
c6 8. Bd3 dxc4 9. Bxc4 Nd5 10. Bxe7 Qxe7 11. O-O Nxc3 12. Rxc3 e5 13. dxe5 Nxe5
14. Nxe5 Qxe5 15. Qc2 Bf5 16. Bd3 Bxd3 17. Rxd3 Qe7 18. Rfd1 Rad8 19. Qd2 Rxd3
20. Qxd3 Re8 21. Qd7 Kf8 22. h3 g6 23. Qd4 Qe5 24. Qb4+ Qe7 25. Qd4 1-0

[Event "Detroit (MI Op/1b/17)"]
[Site "?"]
[Date "1992.??.??"]
[Round "?"]
[White "Sorensen, D."]
[Black "Forte, Joe"]
[Result "0-1"]
[WhiteElo "1675"]
[BlackElo "1940"]
[PlyCount "94"]
[EventDate "1992.??.??"]

1. d4 Nf6 2. Nf3 g6 3. g3 Bg7 4. Bg2 c5 5. c3 Na6 6. O-O O-O 7. Re1 d6 8. e4
Nd7 9. Na3 Nc7 10. Qe2 Rb8 11. e5 d5 12. Bf4 e6 13. Qd2 b5 14. Nc2 a5 15. a3 a4
16. Bh6 Na6 17. Bxg7 Kxg7 18. Ne3 Rh8 19. Bf1 Qe7 20. Bd3 b4 21. axb4 cxd4 22.
Nxd4 Nxe5 23. Rxa4 Rb6 24. Rea1 Nc7 25. Qe2 Bd7 26. Ra7 Qd6 27. f4 Nxd3 28.
Qxd3 e5 29. fxe5 Qxe5 30. Nf3 Qd6 31. Rxc7 Qxc7 32. Nxd5 Qb7 33. Nxb6 Qxb6+ 34.
Qd4+ Qxd4+ 35. Nxd4 Rb8 36. Ra7 Be8 37. Ne6+ Kf6 38. Nc7 Bd7 39. Nd5+ Ke6 40.
c4 Kd6 41. Ra6+ Ke5 42. Rb6 Rc8 43. b3 Be6 44. Ne7 Rc7 45. Nc6+ Ke4 46. Nd8 Bg4
47. Rc6 Re7 0-1

[Event "Detroit (MOR/5/82)"]
[Site "?"]
[Date "1992.??.??"]
[Round "?"]
[White "Solski, Jeff"]
[Black "Whitley, D."]
[Result "0-1"]
[WhiteElo "1605"]
[BlackElo "1615"]
[PlyCount "108"]
[EventDate "1992.??.??"]

{5/(82)} 1. e4 e6 2. Nf3 d5 3. Nc3 d4 4. Ne2 c5 5. d3 Nc6 6. c3 e5 7. g3 Bg4 8.
Bg2 Nf6 9. Bd2 Be7 10. Nh4 Qd7 11. h3 Be6 12. Nf5 Bxf5 13. exf5 Qxf5 14. Qa4
Qd7 15. O-O O-O 16. f4 exf4 17. Nxf4 Bd6 18. Rf3 dxc3 19. Bxc3 Be5 20. Kh2 Bxc3
21. bxc3 Ne5 22. Qxd7 Nxf3+ 23. Bxf3 Nxd7 24. Bxb7 Rab8 25. Be4 Rb2+ 26. Kg1
Rfb8 27. d4 cxd4 28. cxd4 Rd2 29. Nd5 Rxd4 30. Re1 Kf8 31. Bg2 Nb6 32. Nc7 Rc8
33. Nb5 Rd7 34. h4 a6 35. Na3 Rd3 36. Nb1 Rxg3 37. Kh2 Rg4 38. Kh3 Ra4 39. Bb7
Rc7 40. Bg2 Rxa2 41. Be4 Re7 42. Kg4 Ra4 43. Nc3 Rc4 44. Re3 g6 45. Kf3 f5 46.
Bc2 Rxe3+ 47. Kxe3 Rxc3+ 48. Bd3 a5 49. Kd4 Rc1 50. h5 a4 51. hxg6 hxg6 52. Ke3
a3 53. Kd2 Rc5 54. Bc2 a2 0-1

[Event "Detroit (MOR/3/77)"]
[Site "?"]
[Date "1992.??.??"]
[Round "?"]
[White "Solski, Jeff"]
[Black "Walker, LeRoy"]
[Result "0-1"]
[WhiteElo "1605"]
[BlackElo "1700"]
[PlyCount "112"]
[EventDate "1992.??.??"]

{3/(77)} 1. e4 c6 2. d4 d5 3. e5 Bf5 4. Bd3 Bxd3 5. Qxd3 e6 6. Nf3 Qb6 7. O-O
c5 8. c3 Nc6 9. b3 cxd4 10. Nxd4 Nxe5 11. Qg3 Ng6 12. Bf4 Nxf4 13. Qxf4 Nf6 14.
Nd2 Bd6 15. Qh4 O-O 16. N2f3 Rac8 17. Rac1 Rc7 18. Ne2 Rfc8 19. Rcd1 Qa6 20.
Ng3 Bxg3 21. hxg3 Rxc3 22. Kh2 Rc2 23. g4 Ne4 24. Ng5 Nxg5 25. Qxg5 Rxa2 26.
Rc1 Rf8 27. Qe5 Qb6 28. f4 f6 29. Qc3 Ra6 30. f5 Qd6+ 31. Kh1 e5 32. b4 Rc6 33.
Qb3 Rxc1 34. Rxc1 Kh8 35. Rc5 Rd8 36. Qa3 d4 37. b5 h6 38. Qxa7 d3 39. Rc1 d2
40. Rd1 Qd5 41. Qa5 e4 42. Qc3 Qd3 43. Qxd3 Rxd3 44. Kg1 e3 45. Kf1 Rc3 46. Ke2
Rc1 47. g3 Rxd1 48. Kxd1 b6 49. Ke2 Kg8 50. Kd1 Kf7 51. Kc2 Ke7 52. Kd1 Kd6 53.
Kc2 Kc5 54. Kd1 Kc4 55. g5 Kd3 56. gxh6 e2# 0-1

[Event "Detroit (MOR/7/91)"]
[Site "?"]
[Date "1992.??.??"]
[Round "?"]
[White "Solski, Jeff"]
[Black "Shields, S."]
[Result "1-0"]
[WhiteElo "1605"]
[BlackElo "1605"]
[PlyCount "41"]
[EventDate "1992.??.??"]

{7/(91)} 1. e4 e6 2. Nf3 g6 3. d4 Bg7 4. Nc3 Nc6 5. Be3 Nf6 6. Bd3 O-O 7. Ne2
Ng4 8. Bd2 Re8 9. h3 Nf6 10. Qc1 a5 11. Bh6 d5 12. e5 Ne4 13. Bxg7 Kxg7 14. c3
Bd7 15. h4 Ne7 16. h5 Nf5 17. g4 Ne7 18. hxg6 Ng8 19. gxh7 Ne7 20. Bxe4 dxe4
21. Qh6+ 1-0

[Event "Flint (Class C/1)"]
[Site "?"]
[Date "1992.??.??"]
[Round "?"]
[White "Solski, Jeff"]
[Black "Rodriguez, Juan"]
[Result "0-1"]
[WhiteElo "1605"]
[BlackElo "1605"]
[PlyCount "68"]
[EventDate "1992.??.??"]

1. e4 e6 2. d4 d5 3. Nc3 Bb4 4. e5 c5 5. Nf3 Nc6 6. Bb5 Nge7 7. h4 Qa5 8. Bd3
cxd4 9. a3 dxc3 10. O-O cxb2 11. Bxb2 Bc3 12. Bxc3 Qxc3 13. Re1 Ng6 14. Re3 Qc5
15. Rb1 a6 16. c3 Qe7 17. Qa4 Qc7 18. Rbe1 Bd7 19. Qc2 Na5 20. h5 Nf4 21. Bxh7
Nc4 22. Ng5 Nxe3 23. Rxe3 f5 24. Rf3 Qxe5 25. Nxe6 Nxe6 26. Bxf5 Qe1+ 27. Kh2
Rxh5+ 28. Kg3 Qe5+ 29. Kg4 Rg5+ 30. Kh3 O-O-O 31. g4 Rh8+ 32. Bh7 Nf4+ 33. Kh2
Rxg4 34. Re3 Qh5+ 0-1

[Event "Detroit (MOR/1a/35)"]
[Site "?"]
[Date "1992.??.??"]
[Round "?"]
[White "Solski, Jeff"]
[Black "Mohammed, Azziem"]
[Result "0-1"]
[WhiteElo "1605"]
[BlackElo "1775"]
[PlyCount "92"]
[EventDate "1992.??.??"]

1. e4 c5 2. Nf3 Nc6 3. Be2 d6 4. d4 cxd4 5. Nxd4 Nf6 6. Nc3 g6 7. O-O Bg7 8.
Be3 a6 9. f4 Bd7 10. e5 dxe5 11. Nxc6 Bxc6 12. Qxd8+ Rxd8 13. fxe5 Nd7 14. Rad1
O-O 15. e6 fxe6 16. Rxf8+ Rxf8 17. Bd4 e5 18. Bc4+ Kh8 19. Be3 Nf6 20. Bc5 Ng8
21. Bxg8 Kxg8 22. Bxe7 Re8 23. Rd8 Rxd8 24. Bxd8 e4 25. Nd1 Bd4+ 26. Kf1 e3 27.
b3 Bxg2+ 28. Ke2 Be4 29. c3 Be5 30. Kxe3 Bc2 31. Kd2 Bxd1 32. Kxd1 Bxh2 33. c4
Bd6 34. Ke2 Kf7 35. Bb6 Bb4 36. Kf3 Kf6 37. Be3 h5 38. Kg3 Kf5 39. Bc1 Be7 40.
Bd2 h4+ 41. Kh3 g5 42. b4 g4+ 43. Kh2 Ke4 44. b5 Bd6+ 45. Kg1 Kf3 46. Be1 g3
0-1

[Event "East Lansing (MI Am/3)"]
[Site "?"]
[Date "1992.??.??"]
[Round "?"]
[White "Solski, Jeff"]
[Black "Kohler, J."]
[Result "1-0"]
[WhiteElo "1605"]
[BlackElo "1605"]
[PlyCount "123"]
[EventDate "1992.??.??"]

1. d3 e5 2. Nf3 Nc6 3. g3 d5 4. Bg2 Nf6 5. Nc3 Bc5 6. Bg5 h6 7. Bxf6 Qxf6 8.
Nxd5 Qd6 9. Nd2 Be6 10. Ne4 Qxd5 11. Nf6+ gxf6 12. Bxd5 Bxd5 13. e4 Be6 14. c3
f5 15. f3 fxe4 16. fxe4 O-O-O 17. Qc2 Be3 18. Qe2 Bc5 19. O-O-O h5 20. h3 Bxa2
21. b4 Bb3 22. bxc5 Bxd1 23. Rxd1 Rdg8 24. Rg1 Na5 25. Qa2 Nc6 26. Qxf7 Rf8 27.
Qe6+ Kb8 28. g4 hxg4 29. hxg4 Re8 30. Qa2 Rd8 31. Qe2 Rhg8 32. g5 Rd7 33. g6
Rdg7 34. Qh5 Ne7 35. Qxe5 Nxg6 36. Qf6 a5 37. e5 a4 38. e6 a3 39. Kb1 Kc8 40.
e7 Kd7 41. d4 c6 42. Ka2 Ke8 43. c4 Rf7 44. Qd6 Nxe7 45. Rxg8+ Nxg8 46. Qb8+
Ke7 47. Qxg8 Rf8 48. Qh7+ Kf6 49. Qxb7 Rd8 50. Qxc6+ Ke7 51. d5 Rd7 52. Qe6+
Kd8 53. c6 Rc7 54. Qg8+ Ke7 55. Qg7+ Kd6 56. c5+ Kxd5 57. Qxc7 Kxc5 58. Qd7 Kb4
59. c7 Ka5 60. Qd5+ Kb6 61. c8=Q Ka7 62. Qdb7# 1-0

[Event "East Lansing (MI Am/1)"]
[Site "?"]
[Date "1992.??.??"]
[Round "?"]
[White "Solski, Jeff"]
[Black "Hencir, Edward"]
[Result "0-1"]
[WhiteElo "1605"]
[BlackElo "1755"]
[PlyCount "86"]
[EventDate "1992.??.??"]

1. d3 d5 2. Nf3 e6 3. g3 h6 4. h4 Nd7 5. Bg2 Ngf6 6. c3 Bd6 7. b4 a6 8. a4 O-O
9. Qc2 c6 10. Nh2 Qc7 11. Nf1 Re8 12. Nbd2 e5 13. Ne3 Nf8 14. Nef1 Bf5 15. e4
Bh7 16. Bh3 dxe4 17. dxe4 Rad8 18. Ne3 b5 19. Nf5 Bxf5 20. Bxf5 c5 21. Nf3 cxb4
22. Bb2 bxc3 23. Bc1 b4 24. g4 N6d7 25. g5 g6 26. gxh6 gxf5 27. Ng5 f4 28. Rg1
Ng6 29. h5 Ndf8 30. hxg6 Nxg6 31. Qb3 a5 32. Nxf7 Qxf7 33. h7+ Kg7 34. Qxf7+
Kxf7 35. Ra2 Bc5 36. Rg5 Rh8 37. Bxf4 Nxf4 38. Rxe5 Nd3+ 39. Kf1 Nxe5 40. f4
Nf3 41. e5 Rxh7 42. e6+ Kxe6 43. Re2+ Kf6 0-1

[Event "Flint (Class C/5)"]
[Site "?"]
[Date "1992.??.??"]
[Round "?"]
[White "Solski, Jeff"]
[Black "Gregg, Ted"]
[Result "0-1"]
[WhiteElo "1605"]
[BlackElo "1605"]
[PlyCount "152"]
[EventDate "1992.??.??"]

1. e4 e5 2. f4 d6 3. Nf3 Bg4 4. Bc4 Nd7 5. O-O Ngf6 6. Bxf7+ Kxf7 7. fxe5 Bxf3
8. Qxf3 Nxe5 9. Qb3+ d5 10. exd5 Bc5+ 11. Kh1 Qd6 12. c3 Nd3 13. Na3 Bxa3 14.
bxa3 Rhd8 15. c4 Nxc1 16. Raxc1 Kg8 17. Rce1 Ng4 18. Qh3 Ne5 19. Qc3 Re8 20.
Re3 Re7 21. d4 Ng6 22. Ref3 Rae8 23. Qb3 c6 24. dxc6 Qxc6 25. d5 Qc5 26. d6
Qxd6 27. c5+ Qe6 28. Qb4 Qxa2 29. a4 Re2 30. c6 bxc6 31. Ra3 Qd5 32. Raf3 c5
33. Qb5 Qe6 34. Qxc5 Re1 35. Qxa7 Rxf1+ 36. Rxf1 Qe2 37. Qf7+ Kh8 38. h3 Qe7
39. a5 Qxf7 40. Rxf7 Kg8 41. Rf5 Ra8 42. g3 Ne7 43. Rc5 Ra6 44. Kg2 Nc6 45. g4
Nxa5 46. h4 Nc6 47. g5 Ne7 48. h5 g6 49. Re5 Kf7 50. h6 Rd6 51. Re4 Rd5 52. Rg4
Rf5 53. Kh3 Nc8 54. Kh4 Nd6 55. Ra4 Ke6 56. Kg4 Rd5 57. Ra7 Nf7 58. Ra6+ Rd6
59. Ra7 Rd4+ 60. Kh3 Nxg5+ 61. Kg2 Nf7 62. Kg3 Rd7 63. Ra6+ Ke7 64. Ra4 Nxh6
65. Kg2 Nf5 66. Kh3 Kf6 67. Ra8 h5 68. Kg2 Rh7 69. Rf8+ Kg5 70. Kh3 Kf4 71. Rf6
g5 72. Kg2 g4 73. Kg1 h4 74. Kg2 h3+ 75. Kh2 g3+ 76. Kh1 Re7 0-1